Gaming Quiz

Random Gaming or Letter Quiz

'E'-Less Pokémon Quiz Stats

 Plays Quiz Updated Jun 22, 2016

Also try: 4-Letter Pokémon
Challenge
Share
Tweet
Embed
Score 0/69 Timer 07:00
0 Plays Today
Pokémon % Correct
Bulbasaur
88.8%
Pikachu
88.1%
Ivysaur
85.2%
Charizard
84.6%
Raichu
77.6%
Zapdos
73.4%
Kakuna
72.6%
Articuno
72.4%
Rattata
70%
Dratini
68.5%
Dragonair
67.7%
Arbok
65.4%
Abra
63.6%
Nidoran♀
62.4%
Nidoran ♂
62.4%
Kadabra
62.3%
Alakazam
61.7%
Nidorino
61.2%
Nidorina
61.1%
Onix
61.1%
Snorlax
61.1%
Jynx
60.8%
Nidoking
60.6%
Oddish
60.3%
Gloom
59.9%
Gastly
59.6%
Magikarp
59.4%
Jigglypuff
59.3%
Vulpix
58.8%
Lapras
58.4%
Gyarados
56.5%
Wigglytuff
56.4%
Machop
56.3%
Machamp
56.3%
Zubat
56.1%
Pokémon % Correct
Magmar
56%
Golbat
55%
Sandslash
54.9%
Kabuto
54.4%
Dugtrio
53.7%
Voltorb
53.7%
Kabutops
53.6%
Staryu
53.4%
Ditto
53.1%
Muk
52.7%
Ponyta
52.4%
Tauros
51.8%
Rapidash
51.5%
Koffing
49.8%
Omastar
49.7%
Poliwag
49.1%
Psyduck
49.1%
Poliwhirl
49.1%
Doduo
48.3%
Poliwrath
48.1%
Porygon
47.9%
Hitmonchan
47.5%
Golduck
47.4%
Kangaskhan
47%
Pinsir
46.9%
Paras
46.5%
Dodrio
46.4%
Rhydon
44.8%
Rhyhorn
44.5%
Hypno
44.4%
Slowbro
41.8%
Marowak
41.2%
Krabby
40.6%
Lickitung
36.8%

You're not logged in!

Compare scores with friends on all Sporcle quizzes.
OR
Log In

You Might Also Like...

Show Comments

Extras

Top Quizzes Today


Score Distribution

Your Account Isn't Verified!

In order to create a playlist on Sporcle, you need to verify the email address you used during registration. Go to your Sporcle Settings to finish the process.

Report this User

Report this user for behavior that violates our Community Guidelines.

Details: